banner koha

Bermad lança no Brasil primeiro Sistema de Suporte de Decisão (SSD) completo para monitoramento e controle de sistemas de irrigação - parte 2 (Registro n. 329418)

MARC details
000 -LÍDER
fixed length control field 00973nab a2200289 4500
003 - CÓDIGO MARC DA AGÊNCIA CATALOGADORA
Campo de controle BR-BrBNA
005 - DATA E HORA DA ÚLTIMA ATUALIZAÇÃO
Campo de controle 20241223233954.0
008 - CAMPO DE TAMANHO FIXO
fixed length control field 241223b bl.||||| |||| 00| 0 por d
040 ## - FONTE DA CATALOGAÇÃO
Agência catalogadora BR-BrBNA
Idioma da catalogação por
072 ## - CATEGORIA AGRIS
Código AGRIS F06 ; E14 ; N20
100 ## - ENTRADA PRINCIPAL - NOME PESSOAL
Nome pessoal Lavor, Laércio José
100 ## - ENTRADA PRINCIPAL - NOME PESSOAL
Nome pessoal Coelho, Silvana
245 ## - TÍTULO PRINCIPAL
Título principal Bermad lança no Brasil primeiro Sistema de Suporte de Decisão (SSD) completo para monitoramento e controle de sistemas de irrigação - parte 2
500 ## - NOTA GERAL
Nota geral 10 illus.
942 ## - ADDED ENTRY ELEMENTS (KOHA)
Koha item type Analítica
650 ## - ASSUNTO - THESAGRO
Cabeçalho tópico ou nome geográfico SISTEMA DE IRRIGAÇÃO
650 ## - ASSUNTO - THESAGRO
Cabeçalho tópico ou nome geográfico AUTOMAÇÃO
650 ## - ASSUNTO - THESAGRO
Cabeçalho tópico ou nome geográfico EQUIPAMENTO DE IRRIGAÇÃO
650 ## - ASSUNTO - THESAGRO
Cabeçalho tópico ou nome geográfico COMPUTADOR
650 ## - ASSUNTO - THESAGRO
Cabeçalho tópico ou nome geográfico INOVAÇÃO TECNOLÓGICA
650 ## - ASSUNTO - THESAGRO
Cabeçalho tópico ou nome geográfico MONITORAMENTO
650 ## - ASSUNTO - THESAGRO
Cabeçalho tópico ou nome geográfico CONTROLE
650 ## - ASSUNTO - THESAGRO
Cabeçalho tópico ou nome geográfico ANÁLISE DE DADOS
650 ## - ASSUNTO - THESAGRO
Cabeçalho tópico ou nome geográfico TOMADA DE DECISÃO
773 0# - ENTRADA ANALÍTICA
Host Biblionumber 4820
Registro do item 344890
Imprenta Votuporanga/SP IRRIGAZINE 2009
Outro identificador 2024-5225
Título Irrigazine (Brazil)
Colação v. 15(59) p. 14-15; (Dec 2018)
Número de controle de registro BR2024004379

Nenhum exemplar disponível.

BINAGRI

Telefone: (61)3218-2567/2388/3357/2097 - binagri@agro.gov.br

Ministério da Agricultura e Pecuária , Esplanada dos Ministérios, Bloco D, Anexo B, Brasília/DF, CEP: 70.043-900